• 首页
  • 本馆介绍
  • 公告通知
  • 最新文献
  • 馆藏检索
  • 电子资源
  • 读者导购
  • 参考咨询
  • 我的图书馆
  • 登录
  • 详细信息显示
  • 放入我的书架
  • 预约/预借图书
  • 作者相关作品
  • 分类相关作品
  • 丛书相关作品
  • 出版社相关作品

书目信息

  • 表格格式
  • 工作单格式
  • 卡片格式
题名:
掌控情绪调节心情的不生病活法
    
 
作者: 周蓉靖 编著
分册:  
出版信息: 上海   上海科学普及出版社  2008
页数: 240页
开本: 24cm
丛书名:
单 册:
中图分类: B842.6
科图分类:
主题词: 情绪--自我控制--通俗读物 , 情绪 , 自我控制
电子资源:
ISBN: 978-7-5427-4067-0
000 00919nam0 2200253 45
001 1029915824
005 20100428142647.96
010    @a978-7-5427-4067-0@dCNY26.80
100    @a20100420d2008 em y0chiy50 ea
101 0  @achi
102    @aCN@b310000
105    @ay z 000yy
106    @ar
200 1  @a掌控情绪调节心情的不生病活法@AZhang Kong Qing Xu Diao Jie Xin Qing De Bu Sheng Bing Huo Fa@f周蓉靖编著@FZhou Rong Jing Bian Zhu
210    @a上海@c上海科学普及出版社@d2008
215    @a240页@d24cm
330    @a本书分为十章,具体内容包括“病从心生——造就健康,从心开始”、“情绪透析——别让情绪跑遍全身”、“心态失衡——健康就会失去重心”、“心理催熟——持久的健康需要成熟的心”等。
606 0  @a情绪@x自我控制@j通俗读物
606 0  @a情绪
606 0  @a自我控制
690    @aB842.6@v4
701  0 @a周蓉靖@AZhou Rong Jing@4编著
801  0 @aCN@bTANGWEI@c20100428
905    @b0594218-22@dB842.6@e1006@f5
    
    掌控情绪调节心情的不生病活法/周蓉靖编著.-上海:上海科学普及出版社,2008
    240页;24cm
    
    
    ISBN 978-7-5427-4067-0:CNY26.80
    本书分为十章,具体内容包括“病从心生——造就健康,从心开始”、“情绪透析——别让情绪跑遍全身”、“心态失衡——健康就会失去重心”、“心理催熟——持久的健康需要成熟的心”等。
●
相关链接 在E读中查询图书 在五车中查询图书 在当当中查询图书 在豆瓣中查询图书


正题名:掌控情绪调节心情的不生病活法     索取号:B842.6/1006         预约/预借

序号 登录号 条形码 馆藏地/架位号 状态 备注
1 0594218   205942186   第一样本阅览室/ [索取号:B842.6/1006] 在馆    
2 0594219   205942195   第一借阅区/ [索取号:B842.6/1006] 在馆    
3 0594220   205942202   第一借阅区/ [索取号:B842.6/1006] 在馆    
4 0594221   205942211   第一借阅区/ [索取号:B842.6/1006] 在馆    
5 0594222   205942220   第一借阅区/ [索取号:B842.6/1006] 在馆    
唐山师范学院图书馆 欢迎您!
大连网信软件有限公司© 版权所有